[Event "5th Vergani Cup Dec. A 2020"]
[Site "Bassano del Grappa"]
[Date "2020.12.29"]
[Round "7.3"]
[White "Dardha, Daniel"]
[Black "Warmerdam, Max"]
[Result "0-1"]
[WhiteElo "2487"]
[BlackElo "2506"]
[Annotator "TA"]
[PlyCount "88"]
[EventDate "2020.12.26"]
[EventType "swiss"]
[EventCountry "ITA"]
[SourceTitle "playchess.com"]
[Source "ChessBase"]
[SourceQuality "1"]

{[%evp 9,88,19,34,27,20,20,22,29,22,38,35,33,20,12,19,12,40,39,96,13,48,0,0,0,0,0,0,0,0,-8,-17,-62,-60,-145,-72,-158,-119,-262,-264,-256,-264,-264,-264,-261,-262,-251,-258,-249,-250,-263,-263,-396,-396,-389,-389,-389,-389,-389,-388,-440,-412,-447,-388,-516,-510,-510,-510,-510,-510,-495,-495,-481,-481,-539,-524,-531,-483,-617,-490,-468,-399]} 1. c4 e6 2. Nf3 d5 3. d4 a6 4. cxd5 exd5 5. Nc3 c6 6. e4 {D31: Queen's Gambit Declined: Semi-Slav without ...Nf6 (+ Marshall Gambit and Noteboom) and Exchange Variation lines without ...Nf6.} dxe4 7. Ng5 Be7 {[#]} 8. Bc4 $1 {The position is equal.} Nh6 9. Ngxe4 Nf5 10. d5 O-O 11. O-O b5 12. Bb3 {[#]} cxd5 $146 ({Predecessor:} 12... c5 13. Bf4 c4 14. Bc2 Nd6 15. a4 b4 16. Nxd6 Bxd6 17. Bxd6 Qxd6 18. Ne4 Qe5 {0-1 (33) Galiana Fernandez,A (2216)-Moroni,L (2448) Llucmajor 2017}) 13. Nxd5 Be6 (13... Nc6 $14) 14. Bf4 (14. g4 $16 Nh6 15. h3) 14... Ra7 15. Re1 Bxd5 16. Qxd5 (16. Bxd5 $2 Rd7 $17) 16... Nd4 {Threatening ...Qxd5.} 17. Qh5 Nxb3 18. axb3 Nc6 19. Re3 g6 20. Qh6 {Strongly threatening Rh3.} Rd7 {[%cal Ba7d7,Bd7d4,Bd4e4][%mdl 32]} 21. g4 {[#]} (21. Ree1 $15) 21... f6 ({Black should play} 21... f5 $1 {[%cal Rf5e4]} 22. Rh3 Rd1+ 23. Kg2 Rf7 24. Rxd1 Qxd1 25. gxf5 Qd5) 22. Kg2 (22. Rxa6 $142 Qc8 23. Rb6) 22... Nb4 {White must now prevent ...g5.} 23. Rh3 {This move loses the game for White.} (23. Re2 $17) 23... Rf7 $19 24. Bd2 Rd4 25. Bxb4 Rxe4 (25... Rxb4 26. Re1 $17) (25... Bxb4 26. Qe3 $17) 26. Bxe7 Qd5 ({Weaker is} 26... Qxe7 27. Re3 $15) ({Not} 26... Rxg4+ 27. Rg3 $17) 27. Kg1 Rfxe7 ({Don't play} 27... Rxg4+ 28. Rg3 $17) 28. Qc1 Rxg4+ 29. Rg3 Rge4 30. Qd1 (30. Qc3 {was worth a try.}) 30... Qxd1+ 31. Rxd1 Re1+ 32. Rxe1 Rxe1+ {[%mdl 4096] Endgame KR-KR} 33. Kg2 Re2 34. Rd3 Rxb2 35. Rd6 a5 36. Ra6 Rxb3 {Black is clearly winning.} 37. Rxa5 g5 38. Ra7 Rb4 39. Rb7 Rg4+ 40. Kf1 b4 41. f3 Rh4 42. Kg2 h5 43. h3 Rf4 44. Kg3 Kf8 {Weighted Error Value: White=0.32/Black=0.09} 0-1

[Event "5th Vergani Cup Dec. A 2020"]
[Site "Bassano del Grappa"]
[Date "2020.12.29"]
[Round "7.4"]
[White "Beerdsen, Thomas"]
[Black "Moroni, Luca Jr"]
[Result "0-1"]
[WhiteElo "2479"]
[BlackElo "2562"]
[Annotator "TA"]
[PlyCount "46"]
[EventDate "2020.12.26"]
[EventType "swiss"]
[EventCountry "ITA"]
[SourceTitle "playchess.com"]
[Source "ChessBase"]
[SourceQuality "1"]

{[%evp 9,46,10,14,1,15,18,8,15,14,0,0,-14,-5,0,0,-10,-10,-26,-21,-25,-33,-52,-43,-54,-42,-88,-90,-118,-110,-150,-145,-137,-142,-172,-184,-187,-201,-228,-210]} 1. e4 e5 2. Nf3 Nc6 3. Nc3 Nf6 4. Bb5 Bd6 5. d3 O-O 6. Bg5 {C48: Four Knights: 4 Bb5, replies other than 4...Bb4.} a6 {The old main line.} 7. Ba4 b5 8. Bb3 {The position is equal.} Be7 9. a4 b4 10. Ne2 {[#]} Na5 $146 ({Predecessor:} 10... d6 11. Ng3 Na5 12. Ba2 c5 13. Bxf6 Bxf6 14. Bd5 Rb8 15. b3 Be6 16. Bc4 Ra8 {0-1 (74) Nayak,R (2217)-Sidhant,M (2378) Bhubaneswar 2018}) 11. Ba2 d6 12. c3 Rb8 13. O-O Nh5 14. Bxe7 Qxe7 15. Ng3 Nxg3 16. fxg3 Bg4 17. cxb4 Rxb4 18. Qd2 {[#]} c5 19. d4 Bxf3 {Black is clearly better.} 20. dxc5 dxc5 21. Rxf3 c4 22. Qc2 Rfb8 23. Rb1 Qd7 {Weighted Error Value: White=0.15/Black=0.03} 0-1

[Event "5th Vergani Cup Dec. A 2020"]
[Site "Bassano del Grappa"]
[Date "2020.12.29"]
[Round "7.5"]
[White "Checa, Nicolas"]
[Black "Carlo, Emanuele"]
[Result "1-0"]
[WhiteElo "2527"]
[BlackElo "2288"]
[Annotator "TA"]
[PlyCount "51"]
[EventDate "2020.12.26"]
[EventType "swiss"]
[EventCountry "ITA"]
[SourceTitle "playchess.com"]
[Source "ChessBase"]
[SourceQuality "1"]

{[%evp 9,51,25,59,42,45,49,61,47,52,30,73,26,30,22,26,0,95,82,137,116,160,152,145,147,187,179,212,219,260,219,542,532,535,529,578,132,590,580,524,554,655,637,585,570]} 1. d4 Nf6 2. c4 e6 3. Nf3 d5 4. Nc3 dxc4 5. e4 b5 6. e5 {D24: Queen's Gambit Accepted: 3 Nf3 Nf6 4 Nc3.} Nd5 7. Nxb5 Nb6 8. Be2 {White is slightly better.} Nc6 9. Be3 Be7 10. a3 O-O 11. Qc2 Rb8 12. h4 {[#]} Nd5 $146 (12... Na5 $11) ({Predecessor:} 12... h6 13. Rd1 Ba6 14. Nc3 Nd5 15. Bc1 Nxc3 16. bxc3 Qd5 17. Rh3 f5 18. exf6 Rxf6 {½-½ (46) Sarana,A (2655)-Korobov,A (2679) Douglas 2019}) 13. Bxc4 $16 (13. Qxc4 $6 Bd7 $11) 13... Nxe3 ({Black should play} 13... Na5) 14. fxe3 Na5 15. Bd3 $40 {[%mdl 128] White has strong attack.} h6 {and if ...Ba6 works, Black does fine.} 16. b4 Bd7 17. Nc3 {[%cal Bb5c3,Bc3e4,Be4f6][%mdl 32]} ({Inferior is} 17. bxa5 Bxb5 18. Bxb5 Rxb5 $11) ({Don't play} 17. Nxc7 $6 Rc8 $16) (17. Nxa7 $6 Rb7 $16) 17... Nc6 {[#]} 18. Ne4 $1 Qe8 19. Qf2 a5 $2 {[#]} (19... Qd8 20. Qg3 a5) 20. Nf6+ $1 $18 {[%mdl 512]} Bxf6 21. exf6 {Strongly threatening Qg3!} gxf6 22. Qg3+ {[%mdl 64] Double Attack} Kh8 {Loses the game.} 23. Qf4 {[%mdl 64] Double Attack. White is clearly winning.} Kg7 {[#]} 24. Rh3 $1 {[%cal Rh3g3] White threatens Rg3+ and mate.} ({Less strong is} 24. b5 Ne7 $14) 24... f5 25. Rg3+ Kf6 26. b5 {Weighted Error Value: White=0.04/Black=0.38} 1-0

[Event "5th Vergani Cup Dec. A 2020"]
[Site "Bassano del Grappa"]
[Date "2020.12.29"]
[Round "7.6"]
[White "Loiacono, Antonio"]
[Black "Niemann, Hans Moke"]
[Result "0-1"]
[WhiteElo "2304"]
[BlackElo "2472"]
[Annotator "TA"]
[PlyCount "86"]
[EventDate "2020.12.26"]
[EventType "swiss"]
[EventCountry "ITA"]
[SourceTitle "playchess.com"]
[Source "ChessBase"]
[SourceQuality "1"]

{[%evp 12,86,14,-4,-4,-12,-21,-21,-15,-27,-14,-17,32,7,22,30,33,33,33,34,31,-52,-53,-65,-64,-64,-66,-63,-56,-78,-78,-78,-78,-86,-76,-94,-86,-109,-79,-134,-132,-186,-190,-190,-166,-306,-308,-308,-306,-308,-307,-302,-293,-444,-437,-515,-519,-531,-456,-724,-724,-754,-735,-717,-710,-710,-710,-1031,-1050,-2150,-1727,-6597,-6370,-5414,-5392,-1088,-1071]} 1. e4 e5 2. Nf3 Nc6 3. Nc3 Nf6 4. Bb5 Nd4 5. Bc4 Bc5 6. d3 d6 7. Nxd4 {7.Na4 gains popularity.} Bxd4 {C48: Four Knights: 4 Bb5, replies other than 4...Bb4.} 8. Ne2 Bb6 9. h3 Be6 {The position is equal.} 10. Ng3 {[#]} Bxc4 $146 ({Predecessor:} 10... d5 11. exd5 Bxd5 12. Bxd5 Qxd5 13. O-O O-O-O 14. Bg5 h6 15. Bxf6 gxf6 16. Qg4+ Qe6 {1-0 (28) Loiacono,A (2206)-Botta,M (2260) Brixen Bressanone 2019}) 11. dxc4 h5 12. Qf3 {With the idea Bg5.} h4 13. Nf5 g6 14. Nh6 {Hoping for Bg5.} Qe7 $1 15. Bg5 Qe6 16. O-O-O ({White should try} 16. Qxf6 $14 Qxf6 17. Bxf6 Rxh6 18. Rf1) 16... Nd7 $1 $15 17. b3 f6 18. Bd2 O-O-O 19. Ng4 f5 20. exf5 gxf5 {White is on the road to losing.} 21. Ne3 Rdf8 22. Nd5 Rhg8 23. Rhg1 Nf6 24. Kb1 f4 25. Nc3 (25. Nxb6+ $142 axb6 26. Qe2) 25... Qf5 $17 26. Rde1 (26. b4 $17 {was necessary.}) 26... Rg6 $19 27. b4 Rfg8 28. Nd5 (28. Bc1 {might work better.}) 28... Nxd5 29. cxd5 Rg5 30. a4 Qg6 31. a5 Bd4 32. Rgf1 (32. Rd1 $142) 32... Rxg2 {Black is clearly winning.} 33. Kc1 {[#] and the idea c3 leaves White hopeful.} a6 $1 34. Qe2 Qf7 35. c3 {[#]} (35. Qf3 $142) 35... f3 $1 36. Qd3 (36. Qe4 Bxf2) 36... Bxf2 37. Rd1 Qg6 38. Qxf3 {[#]} e4 $1 39. Qf4 (39. Qxf2 Rxf2) 39... e3 40. Rxf2 exf2 41. Rf1 Rg1 42. Qxf2 Rxf1+ 43. Qxf1 Qg1 {Weighted Error Value: White=0.75/Black=0.06} 0-1

[Event "5th Vergani Cup Dec. A 2020"]
[Site "Bassano del Grappa"]
[Date "2020.12.29"]
[Round "7.7"]
[White "Bettalli, Francesco"]
[Black "Yu, Jennifer"]
[Result "1-0"]
[WhiteElo "2232"]
[BlackElo "2315"]
[Annotator "TA"]
[PlyCount "85"]
[EventDate "2020.12.26"]
[EventType "swiss"]
[EventCountry "ITA"]
[SourceTitle "playchess.com"]
[Source "ChessBase"]
[SourceQuality "1"]

{[%evp 11,85,12,14,0,0,0,6,-2,0,0,0,-3,0,-10,12,-11,-16,-15,0,0,0,-22,-16,-36,0,0,0,0,0,-1,0,-47,-36,-91,-40,-25,-12,-37,22,-10,0,3,38,41,40,13,76,74,99,84,144,83,123,119,133,141,381,382,651,641,1288,1253,1192,604,1848,1541,1488,1434,6223,6053,29997,5306,2156,1797,29996,29987]} 1. d4 d5 2. Nf3 Nf6 3. e3 g6 4. b3 Bg7 5. Bb2 O-O 6. Nbd2 b6 7. Bd3 {7.Bd3 has lost popularity. D04: Colle System.} Bb7 8. O-O Nbd7 9. Qe2 {The position is equal.} c5 10. Rfd1 Qc7 11. Rac1 Rac8 12. c4 {[#]} dxc4 $146 ({Predecessor:} 12... Qb8 13. e4 dxe4 14. Nxe4 Nxe4 15. Bxe4 Bxe4 16. Qxe4 Nf6 17. Qe5 cxd4 18. Qxe7 Rfe8 {1-0 (44) Zojer,S (2125)-Jirovec,A (1977) Austria 2019}) 13. Nxc4 Qb8 14. Bb1 Qa8 15. Ne1 Rfd8 16. dxc5 Nxc5 17. f3 Nd5 18. Bxg7 Kxg7 19. Nd3 Nxd3 20. Bxd3 b5 21. Na3 {[%cal Bc4a3,Ba3c2,Bc2b4,Bb4d3,Bd3c5][%mdl 32]} a6 22. Qf2 (22. Be4 $15) 22... f6 (22... Rxc1 $17 23. Rxc1 Nb4) 23. Bf1 $15 Qb8 24. Nc2 e5 (24... Rd6 $15) 25. Qe1 (25. e4 $5 {[%cal Re4d5]} Nf4 26. g3 $11) 25... Rc7 26. Nb4 Ne7 27. Nd3 Rdc8 28. b4 {And now Nc5 would win.} Bd5 (28... Rxc1 $11 29. Rxc1 Rxc1 30. Qxc1 e4 31. fxe4 Bxe4) 29. Nc5 $16 Qb6 30. a3 {[%cal Ba2a3,Ba3b4][%mdl 32]} a5 (30... Bf7 $142) 31. Rd2 (31. bxa5 $142 Qa7 32. Rxd5 $1 {[%mdl 64] Remove Defender} Nxd5 33. Ne6+ {[%mdl 64] Double Attack, Discovered Attack} Kf7 34. Nxc7 Rxc7 35. Rxc7+ (35. Bxb5 Rxc1 36. Qxc1 Nxe3 $11) 35... Qxc7 36. Qd2 (36. Bxb5 Qc5 $16)) 31... axb4 32. axb4 Bf7 {[#]} 33. Rcd1 $1 Nc6 $2 {This move loses the game for Black.} (33... Rc6 $16 34. Qf2 Be6) 34. Rd6 $18 {Threatens to win with Qh4.} f5 $2 (34... Qa7 35. Ra1 (35. Bxb5 Nxb4 36. Qxb4 Rxc5 $11) 35... Qb8) 35. Qh4 Qa7 {intending ...Nxb4.} 36. Qf6+ Kg8 37. Rd7 Rf8 38. Rxc7 Qxc7 39. Rd7 {White wants to mate with Ne6!} Qb6 40. Ne6 {[%csl Ge6][%cal Rf6g7]} Qxe3+ 41. Kh1 {[%csl Ge6][%cal Rf6g7]} Qh6 42. Nxf8 Bc4 43. Rxh7 {[%csl Gh7][%cal Rf6h8] Weighted Error Value: White=0.29/Black=0.51} 1-0

[Event "5th Vergani Cup Dec. A 2020"]
[Site "Bassano del Grappa"]
[Date "2020.12.29"]
[Round "7.8"]
[White "Dionisi, Thomas"]
[Black "Palozza, Christian"]
[Result "1-0"]
[WhiteElo "2418"]
[BlackElo "2265"]
[Annotator "TA"]
[PlyCount "55"]
[EventDate "2020.12.26"]
[EventType "swiss"]
[EventCountry "ITA"]
[SourceTitle "playchess.com"]
[Source "ChessBase"]
[SourceQuality "1"]

{[%evp 14,55,31,32,19,20,56,48,43,34,29,32,36,21,14,0,65,72,91,81,90,91,122,118,191,187,262,221,632,402,647,409,1067,1046,1172,952,29991,29992,29992,29993,29994,29992,29992,29993]} 1. e4 c6 2. d4 d5 3. Nc3 dxe4 4. Nxe4 Nf6 5. Nxf6+ exf6 6. c3 Bd6 7. Bd3 O-O 8. Qc2 Re8+ {B15: Caro-Kann: 3 Nc3: 3...g6 and 3...dxe4 4 Nxe4 Nf6 5 Nxf6+ exf6.} 9. Ne2 h5 {9...h5 scores better than 9...h6.} 10. O-O h4 {White is slightly better.} 11. Be3 h3 12. g3 Nd7 {[#]} 13. Rfe1 $146 ({Predecessor:} 13. Bf4 Nf8 14. Rae1 Be6 15. b3 a5 16. Bxd6 Qxd6 17. Nf4 a4 18. Bf5 axb3 19. axb3 {1-0 (35) Obolenskikh,D (2544)-Mortazavi,A (2333) chess.com INT 2020}) 13... Nf8 14. c4 Qa5 (14... Bg4 $11) 15. c5 $14 Bb8 16. Nc3 Qd8 17. Be4 g6 18. d5 cxd5 (18... Be5 $16 {is a better defense.}) 19. Nxd5 $18 Kg7 (19... Bg4 $142 20. Bh1 Bd7) 20. Rad1 Qa5 $2 (20... Bg4 21. f3 Bd7) 21. b4 Qa6 (21... Qd8 $142 22. c6 bxc6) 22. Bd4 Nh7 {[#]} (22... Be5 $142 23. Bxe5 Rxe5) 23. Bxg6 $1 {[%mdl 512]} Rxe1+ 24. Rxe1 {Black must now prevent Bxf7!} fxg6 25. Re7+ {White mates.} Kh6 26. Be3+ Ng5 27. Bxg5+ fxg5 28. Qc3 {[%cal Rc3h8] Weighted Error Value: White=0.29/Black=0.94} 1-0

[Event "5th Vergani Cup Dec. A 2020"]
[Site "Bassano del Grappa"]
[Date "2020.12.29"]
[Round "7.9"]
[White "Zarpellon, Daniel"]
[Black "Budyi, Danylo"]
[Result "1-0"]
[WhiteElo "1893"]
[BlackElo "1702"]
[Annotator "NA RC"]
[PlyCount "59"]
[EventDate "2020.12.26"]
[EventType "swiss"]
[EventCountry "ITA"]
[SourceTitle "playchess.com"]
[Source "ChessBase"]
[SourceQuality "1"]

1. Nf3 {[%emt 0:00:00]} d5 {[%emt 0:00:00]} 2. d4 {[%emt 0:00:05]} Bf5 {[%emt 0:00:00]} 3. Nbd2 {[%emt 0:02:36]} e6 {[%emt 0:01:44]} 4. g3 {[%emt 0:01:17]} c5 {[%emt 0:00:48]} 5. e3 {[%emt 0:01:36]} Qb6 {[%emt 0:03:34]} (5... Nf6 $15) 6. c3 {[%emt 0:01:26]} Nf6 {[%emt 0:01:59]} 7. Nh4 {[%emt 0:01:04]} cxd4 {[%emt 0:09:05]} 8. exd4 {[%emt 0:02:42]} Bg6 {[%emt 0:06:31]} 9. Nxg6 {[%emt 0:02:17]} hxg6 {[%emt 0:00:17]} 10. Bd3 {[%emt 0:02:16]} Bd6 {[%emt 0:02:44]} 11. Qe2 {[%emt 0:02:38]} Nc6 {[%emt 0:07:01]} 12. f4 {[%emt 0:11:47]} Nh5 {[%emt 0:12:50]} 13. Qf2 {[%emt 0:07:46]} (13. O-O $14) 13... g5 $1 {[%emt 0:03:46]} 14. Nb3 {[%emt 0:08:21]} Qc7 $17 {[%emt 0:10:16]} 15. Rf1 {[%emt 0:13:36]} gxf4 {[%emt 0:02:03]} 16. gxf4 {[%emt 0:19:38]} g5 {[%emt 0:12:24]} 17. fxg5 {[%emt 0:00:59]} Bxh2 {[%emt 0:00:23]} 18. Kd1 {[%emt 0:00:34]} Ng3 {[%emt 0:05:34]} 19. Bf4 {[%emt 0:04:12]} Ne4 {[%emt 0:07:35]} 20. Bxe4 {[%emt 0:06:43]} Bxf4 {[%emt 0:03:12]} 21. Qxf4 {[%emt 0:00:08]} Qxf4 {[%emt 0:00:05]} 22. Rxf4 {[%emt 0:00:06]} dxe4 {[%emt 0:00:04]} 23. Rxe4 {[%emt 0:00:22]} Rh1+ {[%emt 0:00:57]} 24. Kc2 {[%emt 0:02:08]} Rxa1 {[%emt 0:00:40]} 25. Nxa1 {[%emt 0:00:05]} O-O-O {[%emt 0:00:42]} 26. Rf4 {[%emt 0:02:43]} e5 {[%emt 0:02:49]} 27. dxe5 {[%emt 0:02:10]} Nxe5 {[%emt 0:00:44]} 28. Rf5 {[%emt 0:00:06]} Ng4 {[%emt 0:06:13]} 29. Rxf7 {[%emt 0:05:09]} Ne3+ 30. Kb3 {[%emt 0:00:30]} 1-0

[Event "5th Vergani Cup Dec. A 2020"]
[Site "Bassano del Grappa"]
[Date "2020.12.29"]
[Round "7.10"]
[White "Dallaglio, Giovanni"]
[Black "Brini, Dario"]
[Result "1-0"]
[WhiteElo "1768"]
[BlackElo "1787"]
[Annotator "NA"]
[PlyCount "73"]
[EventDate "2020.12.26"]
[EventType "swiss"]
[EventCountry "ITA"]
[SourceTitle "playchess.com"]
[Source "ChessBase"]
[SourceQuality "1"]

1. d4 {[%emt 0:16:28]} Nf6 {[%emt 0:00:00]} 2. Nf3 {[%emt 0:00:10]} g6 {[%emt 0:00:00]} 3. c4 {[%emt 0:00:10]} Bg7 {[%emt 0:00:00]} 4. Nc3 {[%emt 0:00:13]} O-O {[%emt 0:00:05]} 5. e4 {[%emt 0:00:11]} d6 {[%emt 0:00:04]} 6. Be2 {[%emt 0:00:17]} e5 {[%emt 0:00:18]} 7. d5 {[%emt 0:00:23]} a5 {[%emt 0:00:26]} 8. O-O {[%emt 0:00:12]} Na6 {[%emt 0:00:06]} 9. Ne1 {[%emt 0:00:24]} Nd7 {[%emt 0:01:19]} 10. Be3 {[%emt 0:00:25]} f5 {[%emt 0:00:04]} 11. exf5 {[%emt 0:01:06]} gxf5 {[%emt 0:00:19]} 12. f4 {[%emt 0:00:15]} Qf6 {[%emt 0:09:32]} 13. Nc2 {[%emt 0:00:38]} exf4 {[%emt 0:06:44]} 14. Bd4 {[%emt 0:01:17]} Ne5 {[%emt 0:00:17]} 15. Rxf4 {[%emt 0:00:37]} Bd7 {[%emt 0:02:01]} 16. Rf2 {[%emt 0:03:45]} Nb4 {[%emt 0:05:29]} 17. Kh1 {[%emt 0:01:59]} Nxc2 {[%emt 0:01:30]} 18. Qxc2 {[%emt 0:00:10]} Qh4 {[%emt 0:00:59]} 19. Qd1 {[%emt 0:02:45]} Ng4 {[%emt 0:11:14]} 20. Bxg4 {[%emt 0:00:26]} Bxd4 {[%emt 0:00:33]} 21. Qxd4 {[%emt 0:00:33]} fxg4 {[%emt 0:06:19]} 22. g3 {[%emt 0:00:32]} Qh6 {[%emt 0:01:42]} 23. Raf1 {[%emt 0:01:10]} Rae8 {[%emt 0:02:39]} 24. Ne4 {[%emt 0:02:39]} Bf5 {[%emt 0:04:06]} 25. Nd2 {[%emt 0:12:27]} Qg6 {[%emt 0:06:56]} 26. Rf4 {[%emt 0:04:15]} b6 {[%emt 0:03:31]} 27. Qf2 {[%emt 0:00:37]} Re5 {[%emt 0:02:39]} 28. Kg1 {[%emt 0:02:21]} Rf7 {[%emt 0:05:43]} 29. Nb3 {[%emt 0:04:49]} Qh5 {[%emt 0:02:39]} 30. Nd4 {[%emt 0:00:56]} Bg6 {[%emt 0:00:05]} 31. Ne6 {[%emt 0:02:01]} Ref5 {[%emt 0:01:42]} 32. Qd4 {[%emt 0:02:22]} Qh6 {[%emt 0:02:13]} 33. Rxf5 {[%emt 0:02:31]} Rxf5 {[%emt 0:04:36]} 34. Re1 {[%emt 0:04:22]} Rh5 {[%emt 0:02:43]} 35. Rf1 {[%emt 0:02:29]} Bf5 {[%emt 0:04:09]} 36. Re1 {[%emt 0:04:32]} Bg6 {[%emt 0:02:50]} 37. Qf6 {[%emt 0:04:12]} 1-0

[Event "5th Vergani Cup Dec. A 2020"]
[Site "Bassano del Grappa"]
[Date "2020.12.30"]
[Round "8.1"]
[White "Mendonca, Leon Luke"]
[Black "Bernadskiy, Vitaliy"]
[Result "0-1"]
[WhiteElo "2516"]
[BlackElo "2619"]
[Annotator "TA"]
[PlyCount "88"]
[EventDate "2020.12.26"]
[EventType "swiss"]
[EventCountry "ITA"]
[SourceTitle "playchess.com"]
[Source "ChessBase"]
[SourceQuality "1"]

{[%evp 9,88,-6,10,0,18,6,18,14,24,4,25,0,27,4,24,0,0,0,23,20,29,0,-4,-41,-20,-90,-83,-78,-62,-121,-134,-398,-384,-285,-130,-211,-121,-168,-89,-286,-196,-267,-227,-479,-440,-407,195,193,287,0,279,280,1116,837,1054,635,1536,1414,2846,398,422,374,376,-768,-768,-768,-764,-755,-755,-740,-733,-711,-698,-655,-655,-29990,-29988,-29979,-1393,-1377,-1164]} 1. Nf3 a6 2. b4 Nc6 3. a3 e5 {[#]} 4. d3 $146 ({Predecessor:} 4. e4 d6 5. Bb2 Be7 6. d4 exd4 7. Nxd4 Bd7 8. Nxc6 Bxc6 9. Bxg7 Bf6 10. Bxh8 Bxh8 {1-0 (25) Garcia Agudo,C-Sero Llor,R Salou 2005}) 4... g6 5. Bb2 Bg7 6. c4 {A04: Unusual lines after 1 Nf3 and King's Indian Attack.} d6 7. g3 f5 8. Bg2 {The position is equal.} Nf6 9. O-O O-O 10. Nc3 h6 11. Nd2 Ne7 12. Nd5 Nexd5 13. cxd5 g5 14. Rc1 Bd7 15. Qc2 Rc8 16. Nc4 Qe8 17. Na5 (17. e4 $11) 17... f4 $17 18. e4 g4 19. gxf4 (19. Nxb7 $6 Nh7 $11) (19. Rfe1 $15) 19... exf4 20. Rfe1 $2 {[%mdl 8192]} (20. e5 $17 dxe5 21. Rfe1) 20... f3 $19 21. e5 {[#]} dxe5 (21... fxg2 $2 22. exf6 Qh5 23. fxg7 $18) (21... Nxd5 22. Bf1 $17) (21... g3 $1 $19 22. hxg3 (22. exf6 $2 gxh2+ 23. Kh1 fxg2+ 24. Kxg2 Qh5 $19) 22... Ng4) 22. Bxe5 (22. Rxe5 $17 {is a better defense.} Qg6 23. Bf1) 22... Qg6 $1 (22... fxg2 23. Bxf6 Qh5 24. Bxg7 $14) 23. Bf1 h5 (23... Nxd5 24. Bxg7 Qxg7 25. Nxb7 $14) (23... Nh5 $1 $19 24. Bg3 Nxg3 25. hxg3 h5) 24. Nxb7 $2 (24. d4 $17 {was necessary.} Qxc2 25. Rxc2) 24... h4 25. Qc4 {[#]} (25. Bxf6 $142 Bxf6 26. Nc5) 25... g3 $1 {[%cal Rg3f2] aiming for ...gxf2+.} 26. hxg3 (26. Bxf6 {is the only way for White.} Qxf6 27. d6+ Kh8 28. Re4 cxd6 29. Rxh4+ Bh6 30. hxg3 Rxc4 31. Rcxc4) 26... hxg3 27. d6+ Kh8 $4 {[%mdl 8192]} (27... Rf7 $19 {White must now prevent ...gxf2+.} 28. Bxg3 (28. dxc7 $2 gxf2+ 29. Kxf2 Ng4+ {[%mdl 64] Discovered Attack} 30. Qxg4 Qxg4 $19) 28... Nh5) 28. Qh4+ $18 (28. Bxg3 Nh5 $15) (28. dxc7 $2 gxf2+ 29. Kxf2 Ng4+ 30. Qxg4 Bxg4 $19) (28. fxg3 $2 f2+ 29. Kxf2 Ng4+ 30. Kg1 Bxe5 $19) 28... Bh6 (28... Kg8 {was called for.} 29. Qxg3 (29. Rxc7 $2 gxf2+ 30. Kxf2 Rxc7 $19) 29... Qxg3+ 30. Bxg3 cxd6 31. Bxd6 (31. Nxd6 Rxc1 32. Rxc1 Nh5 $16) 31... Rxc1 32. Rxc1 Rf7) 29. d4 $2 (29. Bxg3 Nh5 $15) (29. fxg3 Kg8 $17) (29. dxc7 gxf2+ 30. Kxf2 Kg8 $16) (29. Qxg3 Rg8 $11) (29. Rxc7 $18 Rxc7 30. dxc7) 29... Bb5 $2 {[%mdl 8192]} (29... gxf2+ $11 {and Black stays safe.} 30. Kxf2 Kh7 31. Bxf6 (31. dxc7 $2 Ng4+ 32. Qxg4 Qxg4 $19) 31... Rxf6) 30. Bh3 (30. Bxg3 $6 Nh5 $16) (30. dxc7 gxf2+ 31. Kxf2 Bxf1 $17) 30... Be2 $2 (30... Bd7) 31. dxc7 Kh7 32. Qxg3 ({Weaker is} 32. fxg3 f2+ 33. Kxf2 Ng4+ 34. Kg1 (34. Kxe2 $2 Qe4+ {[%mdl 64] Double Attack} 35. Kd1 Nf2#) 34... Nxe5 $16) 32... Qh5 {And now ...Ne4 would win.} 33. Bxc8 Ne4 34. Be6 $2 (34. Qg4 Qh1+ {[%mdl 64] Decoy} 35. Kxh1 Nxf2+ 36. Kh2 Nxg4+ 37. Bxg4) 34... Nxg3 35. Bxg3 Bf4 {( -> ...Bxg3)} 36. c8=Q $4 {[%mdl 8192]} (36. Rc5 $18 Qh6 37. c8=Q Rxc8 38. Bxf4 (38. Bxc8 $2 {perishes.} Bxg3 {[%mdl 64] Overworked Piece} 39. fxg3 Qe3+ {[%mdl 64] Double Attack} 40. Kh1 f2 $19) (38. Rxc8 {gets mated.} Qxe6 39. Nd6 Qh3 40. Rc7+ Kg6 41. Rg7+ {[%mdl 64] Decoy} Kxg7 42. Nf5+ Kf7 43. Nh4 Bxg3 44. Nxf3 Bxf3 45. Re7+ Kxe7 46. fxg3 Qg2#) 38... Qg6+ 39. Rg5 Qxe6 40. Rh5+ Kg7 41. Kh1) 36... Rxc8 $19 37. Bxc8 {[#]} Bxg3 $1 38. fxg3 f2+ $1 {[%mdl 64] Double Attack} 39. Kg2 Qf3+ 40. Kh3 f1=Q+ 41. Rxf1 Bxf1+ 42. Kh4 Qf6+ 43. Kg4 Be2+ (43... Bg2 $142 44. Rf1 Qxf1 45. Kg5 Qc1+ {[%mdl 64] Double Attack} 46. Kf6 Qxc8 47. Nd6 Qh8+ 48. Ke7 Qg7+ 49. Ke6 Qxd4 50. Kd7 Qg7+ 51. Ke6 Qxg3 52. Nf7 Bh3+ 53. Kd5 Qf3+ 54. Ke5 Qf5+ 55. Kd6 Qxf7 56. Kc5 Qf5+ 57. Kd4 Bg2 58. Ke3 Qe4+ 59. Kd2 Qd4+ 60. Ke2 Kg6 61. b5 axb5 62. a4 bxa4 63. Ke1 Qb2 64. Kd1 Bf3+ 65. Ke1 Qe2#) 44. Kh3 Qh6+ {[%mdl 64] Double Attack.  Weighted Error Value: White=1.01/Black=0.57} 0-1

[Event "5th Vergani Cup Dec. A 2020"]
[Site "Bassano del Grappa"]
[Date "2020.12.30"]
[Round "8.2"]
[White "Warmerdam, Max"]
[Black "Moroni, Luca Jr"]
[Result "1/2-1/2"]
[WhiteElo "2506"]
[BlackElo "2562"]
[Annotator "TA"]
[PlyCount "30"]
[EventDate "2020.12.26"]
[EventType "swiss"]
[EventCountry "ITA"]
[SourceTitle "playchess.com"]
[Source "ChessBase"]
[SourceQuality "1"]

{[%evp 10,17,14,24,42,40,35,26,35,23]} 1. e4 g6 2. d4 Bg7 3. Nf3 d6 4. Be3 Nf6 5. Nc3 O-O 6. Qd2 d5 {B08: Pirc Defence: Classical System.} 7. exd5 Nxd5 8. Nxd5 Qxd5 9. c4 {[#] Black did not feel at home in the position after the opening. Not enough moves} {Predecessor:} Qd8 $146 10. Be2 Bf5 11. O-O Nc6 12. Rfd1 Be4 13. Ng5 Bf5 14. Nf3 Qd7 15. Rac1 Rad8 {0-1 (64) Castillo Pena,P (1770)-Ovezdurdiyeva,J (2061) chess.com INT 2020} 1/2-1/2